La veredita 2 : áreas integradas e.g.b /
Guardado en:
| Autor Principal: | |
|---|---|
| Otros Autores: | , |
| Formato: | Libro |
| Publicado: |
Buenos Aires :
Aique,
2000
|
| Materias: | |
| Etiquetas: |
Agregar Etiqueta
Sin Etiquetas, Sea el primero en etiquetar este registro!
|
| LEADER | 00684nam a22002175a 4500 | ||
|---|---|---|---|
| 001 | CEM.cems010841 | ||
| 005 | 20080314100148.0 | ||
| 008 | 130507s2000##################000#0#####d | ||
| 003 | CEMS | ||
| 020 | |a 9507015981 | ||
| 082 | 0 | 4 | |a SG372.02 |
| 100 | 1 | |a Goldberg, Mirta | |
| 245 | 1 | 0 | |a La veredita 2 : |b áreas integradas e.g.b / |c Mirta Goldberg, Aldo Tulián, Graciela Chemello |
| 260 | |a Buenos Aires : |b Aique, |c 2000 | ||
| 300 | |a 264 p. | ||
| 653 | |a Educación | ||
| 653 | |a Educación primaria | ||
| 653 | |a Biblioteca maría de los angeles saggio | ||
| 700 | 1 | |a Tulián, Aldo | |
| 700 | 1 | |a Chemello, Graciela | |
| 859 | |a CEMS |b BIB. CEMS - 11 de abril |h SG372.02 |i G572 |p 21531.01 |t Ej.1 |v 2º |3 2º | ||
